000 00280pab a2200109 454500
008 180718b xxu||||| |||| 00| 0 eng d
100 _aDeshpande, R.S. and others
245 _aFarm subsidies: are they dispensable
650 _aAgriculture
773 _aEconomic Times
909 _a22501
999 _c22501
_d22501